| 000 | 00000nas 2200000za 4500 |
| 001 | 9.828187 |
| 003 | CaOODSP |
| 005 | 20250403105823 |
| 007 | cr ||||||||||| |
| 008 | 161124d18911893onc | p os f0###a0fre|d |
| 022 | # |y0846-3565 |
| 040 | |aCaOODSP|bfre |
| 041 | |aeng|afre |
| 043 | |an-cn--- |
| 045 | |aw9w9 |
| 086 | 1 |aCS98-1891P-PDF|zCS98-1891P |
| 245 | 00|aCensus of Canada, 1891. |pBulletin |h[ressource électronique] = |bRecensement du Canada, 1891. Bulletin. |
| 246 | 11|aRecensement du Canada, 1891. |pBulletin |
| 260 | |aOttawa : |bDepartment of Agriculture = Département de l'agriculture, |c1891-1893. |
| 300 | |a18 v. |
| 310 | |aIrrégulier |
| 362 | 0 |aNº 1 (Aug. 1891)- nº 18 (août 1893). |
| 500 | |aPlusieurs livr. comportent un titre distinct. |
| 500 | |aPublication du recensement historique numérisée en 2009 par Statistique Canada. |
| 546 | |aTexte en français et en anglais. |
| 546 | |aLa livr. nº1 a été publ. en anglais seulement. |
| 692 | 07|2gccst|aRecensement |
| 692 | 07|2gccst|aPopulation |
| 710 | 1 |aCanada. |bMinistère de l'agriculture. |
| 710 | 2 |aStatistique Canada. |
| 791 | |tCensus of Canada, 1891. |eeng|w(CaOODSP)9.828186 |